000 00750nam a2200205Ia 4500
005 20260121110048.0
008 008 260114s9999 xx 000 0 hin d
020 _a9788132354451
037 _aEBOOK
040 _aCRL
_bhin
_cCRL
041 _ahin
_2hin
084 _qCRL
100 _aसुमन प्रसाद / Suman Prasad
_9941570
245 0 _aपरिपथ के मूल सिद्धांत एवं बेसिक इलेक्ट्रॉनिक्स / Paripath ke Mool Siddhant aur Basic Electronics
260 _bभाषा प्रकाशन / Bhasha Prakashan
_c2020
856 _uhttps://bhashaprakashan.com/product-details/382641
942 _cEBOOK
999 _c1533235
_d1533235